James Tate's The List of Famous Hats Quiz Stats

 Plays Quiz not verified by Sporcle

Score 0/231 Timer 15:00
0 Plays Today
Answer % Correct
hat
100%
an
100%
list
100%
a
100%
famous
100%
hat,
100%
the
100%
hat
100%
hat
100%
of
100%
the
100%
a
100%
The
100%
a
100%
a
100%
a
100%
a
100%
and
100%
a
100%
a
100%
and
100%
the
100%
and
100%
and
100%
the
100%
The
100%
a
100%
a
100%
of
100%
and
100%
and
100%
a
100%
I
75%
as
75%
I
75%
for
75%
I
75%
for
75%
as
75%
as
75%
Napoleon's
50%
is
50%
obvious
50%
choice
50%
guess
50%
to
50%
but
50%
that's
50%
not
50%
have
50%
in
50%
mind.
50%
That
50%
was
50%
his
50%
show.
50%
am
50%
thinking
50%
his
50%
private
50%
bathing
50%
cap,
50%
which
50%
in
50%
all
50%
honesty
50%
wasn't
50%
much
50%
different
50%
than
50%
one
50%
any
50%
jerk
50%
might
50%
buy
50%
at
50%
corner
50%
Answer % Correct
drugstore
50%
now,
50%
except
50%
two
50%
minor
50%
eccentricities.
50%
first
50%
one
50%
isn't
50%
even
50%
funny:
50%
Simply
50%
it
50%
was
50%
white
50%
rubber
50%
bathing
50%
cap,
50%
but
50%
too
50%
small.
50%
Napoleon
50%
led
50%
such
50%
hectic
50%
life
50%
ever
50%
since
50%
his
50%
childhood,
50%
even
50%
farther
50%
back
50%
than
50%
that,
50%
that
50%
he
50%
never
50%
had
50%
chance
50%
to
50%
buy
50%
new
50%
bathing
50%
cap
50%
grown-up--
50%
well,
50%
he
50%
didn't
50%
really
50%
grow
50%
that
50%
much,
50%
but
50%
his
50%
head
50%
did:
50%
He
50%
was
50%
pinhead
50%
at
50%
birth,
50%
he
50%
his
50%
really,
50%
same
50%
little
50%
tiny
50%
bathing
50%
cap
50%
that
50%
he
50%
was
50%
born
50%
in,
50%
this
50%
later
50%
Answer % Correct
it
50%
was
50%
to
50%
him
50%
gave
50%
him
50%
many
50%
headaches,
50%
if
50%
he
50%
needed
50%
more.
50%
so,
50%
he
50%
had
50%
to
50%
vaseline
50%
his
50%
skull
50%
like
50%
crazy
50%
to
50%
even
50%
get
50%
thing
50%
on.
50%
second
50%
eccentricity
50%
was
50%
that
50%
it
50%
was
50%
tricorn
50%
bathing
50%
cap.
50%
Scholars
50%
like
50%
to
50%
make
50%
lot
50%
out
50%
this,
50%
it
50%
would
50%
be
50%
easy
50%
to
50%
do.
50%
My
50%
theory
50%
is
50%
simple-
50%
minded
50%
to
50%
be
50%
sure:
50%
that
50%
beneath
50%
his
50%
public
50%
head
50%
there
50%
was
50%
another
50%
head
50%
it
50%
was
50%
pyramid
50%
or
50%
something.
50%
still
25%
used,
25%
until
25%
death
25%
meant
25%
very
25%
painful
25%

You're not logged in!

Compare scores with friends on all Sporcle quizzes.
OR
Log In

Show Comments

Extras

Created Aug 14, 2019ReportNominate
Tags:Famous Quiz, Poem Quiz, hat, poetry, same

Top Quizzes Today


Score Distribution

Your Account Isn't Verified!

In order to create a playlist on Sporcle, you need to verify the email address you used during registration. Go to your Sporcle Settings to finish the process.

Report this User

Report this user for behavior that violates our Community Guidelines.

Details: